Statistiques concernant Personnalités dont le nom commence par la lettre I (par images)

Cliquez ici pour prendre le quiz!

Statistiques générales

  • Ce quiz a été pris 283 fois
    (216 depuis la dernière actualisation)
  • Le résultat moyen est 4 sur 11

Statistiques - réponses

Réponse% Correct
Zlatan Ibrahimović
91%
Indila
77%
Alban Ivanov
68%
Andrés Iniesta
68%
IZ
34%
Julio Iglesias
29%
Ice-T
20%
Brandon Ingram
17%
Imany
16%
Jeremy Irons
9%
Michel Imperioli
1%

Distribution des résultats

Percentile par nombre de réponses

% des personnes avec chaque résultat

Votre développement - résultats

Vous n’avez pas pris ce quiz depuis la dernière actualisation